| 000 | 00483nam a22001817a 4500 | ||
|---|---|---|---|
| 003 | BD-ChCU | ||
| 005 | 20251125090850.0 | ||
| 008 | 251125b bg ||||| |||| 00| 0 ben d | ||
| 040 | _cBD-ChCU | ||
| 082 | _a658 SPI (5) | ||
| 100 |
_aSpriegel , William. _b _916812 |
||
| 245 |
_aIndustrial management ./ _cWilliam , Spriegel |
||
| 250 | _a5th Modern Asia ed. | ||
| 260 |
_a New York : _bWiley , _cC 1970 |
||
| 300 | _aV.P. | ||
| 650 | 0 |
_aManagement . _916814 |
|
| 942 |
_2ddc _cBK _n0 |
||
| 999 |
_c109784 _d109784 |
||